| 000 | 00488nam a22001811a 4500 | ||
|---|---|---|---|
| 001 | 1212 | ||
| 003 | OSt | ||
| 005 | 20260204211725.0 | ||
| 008 | 040117s1978||||dr ||||||b||||||||||spa|| | ||
| 050 | _aRD 623.2 M513p | ||
| 082 | _aRD 623.2 M513p | ||
| 245 | _aMemoria primer seminario sobre el sector minero / | ||
| 264 | _aSanto Domingo : SEIC | ||
| 300 | _a456 P. | ||
| 650 | _a1.Minas-Solición 2.Mina-Seminario | ||
| 700 | _aLlinas, Romero II.Malagón A. VirgilioÌ | ||
| 942 |
_2ddc _cBK |
||
| 999 |
_c1212 _d1212 |
||